| 000 | 01061cam a22002774a 4500 | ||
|---|---|---|---|
| 999 |
_c26788 _d26788 |
||
| 001 | 12141826 | ||
| 005 | 20170206112634.0 | ||
| 008 | 000814s2001 nyua b 001 0 eng | ||
| 010 | _a 00107873 | ||
| 020 | _a0500203415 | ||
| 040 |
_aDLC _cDLC _dDLC |
||
| 042 | _apcc | ||
| 050 | 0 | 0 |
_aNA1053 _b.J4F69 2001 |
| 100 | 1 | _aFrampton, Kenneth. | |
| 245 | 1 | 0 |
_aLe Corbusier / _cKenneth Frampton. |
| 260 |
_aNew York : _bThames & Hudson, _cc2001. |
||
| 300 |
_a240 p. : _bill. ; _c21 cm. |
||
| 440 | 0 | _aWorld of art | |
| 504 | _aIncludes bibliographical references (p. 234-235) and index. | ||
| 600 | 0 | 0 |
_aLe Corbusier, _d1887-1965 _xCriticism and interpretation. |
| 650 | 0 |
_aArchitecture, Modern _y20th century. |
|
| 942 |
_2lcc _cBOOKS _hNA1053 .J4F69 2001 |
||